• 首页
  • 本馆介绍
  • 公告通知
  • 最新文献
  • 馆藏检索
  • 电子资源
  • 读者导购
  • 参考咨询
  • 我的图书馆
  • 登录
  • 详细信息显示
  • 放入我的书架
  • 预约/预借图书
  • 作者相关作品
  • 分类相关作品
  • 丛书相关作品
  • 出版社相关作品

书目信息

  • 表格格式
  • 工作单格式
  • 卡片格式
题名:
变化环境下鄱阳湖区水文水资源研究与应用
    
 
作者: 王俊 编著
分册:  
出版信息: 北京   中国水利水电出版社  2017.07
页数: 284页
开本: 26cm
丛书名:
单 册:
中图分类: P343.3 , TV211 , P343
科图分类:
主题词:
电子资源:
ISBN: 978-7-5170-5685-0
000 01017nam0 2200265 450
001 1448
005 20180928105757.14
010    @a978-7-5170-5685-0@b精装@dCNY158.00
100    @a20171018d2017 em y0chiy50 ea
101 0  @achi
102    @aCN@b110000
105    @ay z 000yy
200 1  @a变化环境下鄱阳湖区水文水资源研究与应用@9bian hua huan jing xia po yang hu ou shui wen shui zi yuan yan jiu yu ying yong@f王俊[等]编著
210    @a北京@c中国水利水电出版社@d2017.07
215    @a284页@d26cm
304    @a编著者还有:郭生练、谭国良、吕孙云
330    @a本书以鄱阳湖区规划、鄱阳湖生态经济区建设、鄱阳湖水利枢纽规划设计等生产与科研任务为基础,围绕鄱阳湖区水文水生态动态监测、水量平衡及水资源配置、洪水预报及防洪安全、气候变化及人类活动影响等方面进行了创新性研究
607    @a鄱阳湖@x区域水文学@x研究
607    @a鄱阳湖@x水资源@x研究
690    @aP343.3@v5
690    @aTV211@v5
690    @aP343@v4
701  0 @a王俊@9wang jun@4编著
801  0 @aCN@b91MARC@c20171018
905    @aMuseLib@dP343@e132
    
    变化环境下鄱阳湖区水文水资源研究与应用/王俊[等]编著.-北京:中国水利水电出版社,2017.07
    284页;26cm
    
    
    ISBN 978-7-5170-5685-0(精装):CNY158.00
    本书以鄱阳湖区规划、鄱阳湖生态经济区建设、鄱阳湖水利枢纽规划设计等生产与科研任务为基础,围绕鄱阳湖区水文水生态动态监测、水量平衡及水资源配置、洪水预报及防洪安全、气候变化及人类活动影响等方面进行了创新性研究
●
相关链接 在E读中查询图书 在五车中查询图书 在当当中查询图书 在豆瓣中查询图书


正题名:变化环境下鄱阳湖区水文水资源研究与应用     索取号:P343/132         预约/预借

序号 登录号 条形码 馆藏地/架位号 状态 备注
1 1122675   211226751   第二样本阅览室/ [索取号:P343/132] 在馆    
2 1122676   211226760   密集书库-资源管理系/ [索取号:P343/132] 在馆    
唐山师范学院图书馆 欢迎您!
大连网信软件有限公司© 版权所有